000
00285nam a22001337a 4500
008
170126b xxu||||| |||| 00| 0 eng d
020
_a
072167996X
041
_a
eng
080
_2
21ST
_a
61
100
_a
3
101
_a
MED
245
_a
TEXTBOOK OF MEDICINE
_c
DRAZEN
942
_2
udc
_c
BK
999
_c
3804
_d
3804